| Registos Bibliográficos associados ao registo de autoridade |
|
Etiqueta de registo: 00000nam 2200025 450 001 2285965 003 http://id.bnportugal.gov.pt/bib/catbnp/2285965 100 ## $a20260507d2024 k y0pory01030103ba 101 0# $aeng$dpor 102 ## $aPT 105 ## $aa m 000yy 106 ## $ar 200 1# $aSimulation of the creep behaviour of refractory masonry at high temperatures$fThais Rossi Lopes Soares$gorient. Miguel Ângelo Dias Azenha, Paulo B. Lourenço 210 #9 $a[S.l.$cs.n.],$d2024 215 ## $aXX, 186 p.$cil.$d30 cm 328 #1 $aTese dout. Engenharia Civil, Escola de Engenharia, Universidade do Minho, 2024 700 #1 $aSoares,$bThais Rossi Lopes$31997911 702 #1 $aAzenha,$bMiguel Ângelo Dias$4727$31269301 702 #1 $aLourenço,$bPaulo B.,$f1967-$4727$3685767 801 #0 $aPT$bBN$gRPC 966 ## $lBN$mFGMON$x1 971 ## $corlando$d20260507
|
|
|